000 01070nam a2200265Ia 4500
003 OSt
005 20221005104721.0
006 a|||||r|||| 00| 0
007 ta
008 221004b |||||||| |||| 00| 0 hin d
020 _a9789380172491 (pbk)
024 _a27431
037 _bGift, 26/07/2016,
_cTextual
040 _aCRL
_cCRL
_bhin
041 _2hin
_ahin
082 _aV42.N53<-M68, 152P7
100 _aसराओ, के. टी. एस., संपा.
_9623827
245 0 _aआधुनिक जापान का इतिहास
_b 1868 - 1953
246 _aĀdhunik jāpān kā itihāsa: 1868 - 1953
260 _aदिल्ली
_bविश्वविद्यालय हिन्दी माध्यम कार्यान्वय निदेशालय भारत
_c2007
300 _a219पृ0
_ccm.
650 _aविश्व-इतिहास
942 _hV42.N53<-M68, 152P7
_cTEXL
_2cc
999 _c1013579
_d1013579